| 000 | 01086nam a22002057a 4500 | ||
|---|---|---|---|
| 005 | 20120210120250.0 | ||
| 020 |
_c75.00 _a9788189020965 |
||
| 082 | _aक | ||
| 100 |
_aभारद्वाज, मीनाक्षी _941478 |
||
| 245 |
_aजिश्नू की चतुराई / _cमीनाक्षी भारद्वाज;सुजाता सिंह द्वारा चित्रांकित |
||
| 250 | _a4था संस्क | ||
| 260 |
_aनई दिल्ली _bकथा वर्ल्ड लाइब्रेरी _c2010 |
||
| 270 |
_aए-3 सर्वोदय एनक्लेव, श्री औरोबिन्दो मार्ग _bनई दिल्ली _e110017 |
||
| 300 |
_aअ.पृ. _bसचित्र _c22सेमी (अजिल्द) |
||
| 700 |
_941293 _aसिंह, सुजाता |
||
| 700 | _941305 | ||
| 700 | _941360 | ||
| 942 |
_2ddc _cCH _hक _mभारद्वा |
||
| 999 |
_c62479 _d62479 |
||